000 00573nam a2200229Ia 4500
003 OSt
005 20221007080209.0
006 a|||||r|||| 00| 0
007 ta
008 221006b |||||||| |||| 00| 0 eng d
024 _a39,864
037 _cTextual
040 _aFLL
_cFLL
_beng
041 _2eng
_aeng
082 _aZ2,5, Q3
100 _aTaxmann
245 0 _aCriminal law
260 _aNew Delhi
_bTaxmann Publications Pvt. Ltd. India
_c2013
300 _aI-8,290p
_ccm.
942 _hZ2,5, Q3
_cTEXL
_2CC
999 _c1158620
_d1158620